000 00394nam a22001457a 4500
003 OSt
005 20160727222342.0
008 160620b xxu||||| |||| 00| 0 eng d
040 _cTEST
100 _9130
_aBussard, P
245 _aRascal's Surprise Prize
_b A Book about Kindness
260 _aEng
_b David.C.Cook
_c1991
300 _aRascal's Surprise Prize: A Book about Kindness
942 _2ddc
_cBK
999 _c103
_d103